书目信息 |
| 题名: |
环境地理学导论
|
|
| 作者: | 朱颜明 , 何岩 编著 | |
| 分册: | ||
| 出版信息: | 北京 科学出版社 2002 |
|
| 页数: | 10,297页 | |
| 开本: | 26cm | |
| 丛书名: | 中国科学院研究生教学丛书 | |
| 单 册: | ||
| 中图分类: | X144 | |
| 科图分类: | ||
| 主题词: | 环境地理学--研究生--教材 , 环境地理学 | |
| 电子资源: | ||
| ISBN: | 7-03-010477-3 | |
| 000 | 00998oam2 2200277 450 | |
| 001 | 002171478 | |
| 005 | 20070805150007.40 | |
| 010 | @a7-03-010477-3@dCNY29.00 | |
| 100 | @a20021018e20062002em y0chiy0110 ea | |
| 101 | 0 | @achi |
| 102 | @aCN@b110000 | |
| 105 | @ay z 000yy | |
| 106 | @ar | |
| 200 | 1 | @a环境地理学导论@Ahuan jing di li xue dao lun@f朱颜明,何岩等编著@Fzhu yan ming, he yan deng bian zhu |
| 210 | @a北京@c科学出版社@d2002@h2006重印 | |
| 215 | @a10,297页@d26cm | |
| 225 | 2 | @a中国科学院研究生教学丛书@Azhong guo ke xue yuan yan jiu sheng jiao xue cong shu |
| 330 | @a本书共分十章,分别介绍了地球环境演化与环境问题的产生;环境地理学的学科范畴、形成和发展;大气环境、水环境、岩石圈表生环境等。 | |
| 461 | 0 | @1001012001019848@12001 @a中国科学院研究生教学丛书 |
| 606 | 0 | @a环境地理学@x研究生@j教材 |
| 606 | 0 | @a环境地理学 |
| 690 | @aX144@v4 | |
| 701 | 0 | @a朱颜明@Azhu yan ming@4编著 |
| 701 | 0 | @a何岩@Ahe yan@4编著 |
| 801 | 0 | @aCN@bNLC@c20070805 |
| 905 | @dX144@e153@f4 | |
| 环境地理学导论/朱颜明,何岩等编著.-北京:科学出版社,2002(2006重印) |
| 10,297页;26cm.-(中国科学院研究生教学丛书) |
| ISBN 7-03-010477-3:CNY29.00 |
| 本书共分十章,分别介绍了地球环境演化与环境问题的产生;环境地理学的学科范畴、形成和发展;大气环境、水环境、岩石圈表生环境等。 |
| ● |
| 相关链接 |
|
|
|
|
正题名:环境地理学导论
索取号:X144/153
 
预约/预借
| 序号 | 登录号 | 条形码 | 馆藏地/架位号 | 状态 | 备注 |
| 1 | 0851771 | 208517719 | 第二样本阅览室/ [索取号:X144/153] | 在馆 | |
| 2 | 0851772 | 208517728 | 第三借阅区/ [索取号:X144/153] | 在馆 | |
| 3 | 0851773 | 208517737 | 第三借阅区/ [索取号:X144/153] | 在馆 | |
| 4 | 0851774 | 208517746 | 第三借阅区/ [索取号:X144/153] | 在馆 |